Statistics for Every Major Battle Fought in the United States on a Map

Click here to take the quiz!

General Stats

  • This quiz has been taken 46 times
    (6 since last reset)
  • The average score is 32 of 500

Answers on the Map

Answers color-coded by a green-red scale on the quiz's map according to % correct below.
 

Answer Stats

Answer% Correct
Battle of Antietam
100%
Battle of Gettysburg
100%
Battle of New Orleans
100%
Capture of New Orleans
100%
Capture of Savannah
100%
Siege of Savannah
100%
Battle of Atlanta
80%
Battle of Bunker Hill
80%
Battle of Sullivan's Island
80%
Siege of Charleston
80%
Battle of Baltimore
60%
Battle of Baton Rouge
60%
Battle of Bayou Fourche
60%
Battle of Concord
60%
Battle of Fort Sumter
60%
Battle of Harpers Ferry
60%
Battle of Lexington
60%
Battle of Long Island
60%
Battle of Missionary Ridge
60%
Battle of Saint Louis
60%
Battle of the Alamo
60%
Burning of Washington D.C.
60%
First Battle of Lexington
60%
Second Battle of Bull Run
60%
Siege of Detroit
60%
Siege of Yorktown
60%
Battle of Bennington
40%
Battle of Buffalo
40%
Battle of Charlotte
40%
Battle of Fredericksburg
40%
Battle of Galveston
40%
Battle of Monmouth
40%
Battle of Nashville
40%
Battle of Richmond
40%
Battle of Shiloh
40%
Battle of the Little Bighorn
40%
Capture of Santa Fe
40%
Second Battle of Fredericksburg
40%
Siege of Boston
40%
Siege of Fort Wayne
40%
Siege of Los Angeles
40%
Siege of Vicksburg
40%
Battle of Brandywine
20%
Battle of Camden
20%
Battle of Columbia
20%
Battle of Decatur
20%
Battle of Fort Donelson
20%
Battle of Fort Henry
20%
Battle of Fort Niagara
20%
Battle of Forts Clinton and Montgomery
20%
Battle of Gonzales
20%
Battle of Hampton Roads
20%
Battle of Horseshoe Bend
20%
Battle of Jackson
20%
Battle of Lake Erie
20%
Battle of Monterey
20%
Battle of New Bern
20%
Battle of Newtown
20%
Battle of Oriskany
20%
Battle of Petersburg
20%
Battle of Plattsburgh
20%
Battle of San Jacinto
20%
Battle of Springfield
20%
Battle of the Wilderness
20%
Battle of Trenton
20%
Battle of Tupelo
20%
Battle of White Plains
20%
Battle of Williamsburg
20%
Second Battle of Sacket's Harbor
20%
Siege of Augusta
20%
Siege of Fort Henry
20%
Amwell Skirmish
0%
Battle of Adairsville
0%
Battle of Agua Dulce
0%
Battle of Albemarle Sound
0%
Battle of Aldie
0%
Battle of Allatoona
0%
Battle of Alligator Creek Bridge
0%
Battle of Amelia Springs
0%
Battle of Apple River Fort
0%
Battle of Appomattox Court House
0%
Battle of Appomattox Station
0%
Battle of Arkansas Post
0%
Battle of Autossee
0%
Battle of Ball's Bluff
0%
Battle of Barren Hill
0%
Battle of Baxter Springs
0%
Battle of Beaufort
0%
Battle of Beaver Dam Creek
0%
Battle of Belmont
0%
Battle of Bemis Heights
0%
Battle of Bentonville
0%
Battle of Big Bethel
0%
Battle of Big Black River Bridge
0%
Battle of Big Mound
0%
Battle of Big Sandy Creek
0%
Battle of Birch Coulee
0%
Battle of Blackburn's Ford
0%
Battle of Black Jack
0%
Battle of Black Mingo
0%
Battle of Blackstock's Farm
0%
Battle of Bladensburg
0%
Battle of Blair's Landing
0%
Battle of Block Island
0%
Battle of Blue Licks
0%
Battle of Boonville
0%
Battle of Bound Brook
0%
Battle of Boydton Plank Road
0%
Battle of Brandy Station
0%
Battle of Brice's Cross Roads
0%
Battle of Brier Creek
0%
Battle of Bristoe Station
0%
Battle of Brownstown
0%
Battle of Buffington Island
0%
Battle of Bull's Ferry
0%
Battle of Burnt Corn
0%
Battle of Byram's Ford
0%
Battle of Calebee Creek
0%
Battle of Camp Allegheny
0%
Battle of Camp Wildcat
0%
Battle of Cañada
0%
Battle of Cane Hill
0%
Battle of Cape Henry
0%
Battle of Carnifex Ferry
0%
Battle of Carthage
0%
Battle of Cedar Bridge
0%
Battle of Cedar Creek
0%
Battle of Cedar Mountain
0%
Battle of Chaffin's Farm
0%
Battle of Champion Hill
0%
Battle of Chancellorsville
0%
Battle of Chantilly
0%
Battle of Cheat Mountain
0%
Battle of Chelsea Creek
0%
Battle of Chestnut Neck
0%
Battle of Chickamauga
0%
Battle of Chickasaw Bayou
0%
Battle of Chillicothe
0%
Battle of Chino
0%
Battle of Chustenahlah
0%
Battle of Cienega Creek
0%
Battle of Cloyd's Mountain
0%
Battle of Cockpit Point
0%
Battle of Cold Harbor
0%
Battle of Coleto
0%
Battle of Colson's Mill
0%
Battle of Concepción
0%
Battle of Conjocta Creek
0%
Battle of Connecticut Farms
0%
Battle of Cool Spring
0%
Battle of Corydon
0%
Battle of Cowan's Ford
0%
Battle of Cowpens
0%
Battle of Craney Island
0%
Battle of Credit Island
0%
Battle of Crooked Billet
0%
Battle of Cross Keys
0%
Battle of Cumberland Church
0%
Battle of Dallas
0%
Battle of Dandridge
0%
Battle of Davis's Cross Roads
0%
Battle of Day's Gap
0%
Battle of Delaware Bay
0%
Battle of Devil's Backbone
0%
Battle of Dinwiddie Court House
0%
Battle of Dominguez Rancho
0%
Battle of Dranesville
0%
Battle of Drewry's Bluff
0%
Battle of Droop Mountain
0%
Battle of Edgar's Lane
0%
Battle of El Brazito
0%
Battle of Elizabethtown
0%
Battle of Elkin's Ferry
0%
Battle of Embudo Pass
0%
Battle of Eutaw Springs
0%
Battle of Ezra Church
0%
Battle of Fair Garden
0%
Battle of Fair Oaks & Darbytown Road
0%
Battle of Fallen Timbers
0%
Battle of Fishdam Ford
0%
Battle of Fisher's Hill
0%
Battle of Fishing Creek
0%
Battle of Five Forks
0%
Battle of Fort Anne
0%
Battle of Fort Blakeley
0%
Battle of Fort Davidson
0%
Battle of Fort Dearborn
0%
Battle of Fort De Russy
0%
Battle of Fort Lee
0%
Battle of Fort McAllister
0%
Battle of Fort Pillow
0%
Battle of Fort Recovery
0%
Battle of Fort Ridgely
0%
Battle of Fort Sanders
0%
Battle of Forts Jackson and Saint Philip
0%
Battle of Fort Slongo
0%
Battle of Fort Stedman
0%
Battle of Fort Stevens
0%
Battle of Fort Titus
0%
Battle of Fort Washington
0%
Battle of Franklin
0%
Battle of Freeman's Farm
0%
Battle of Front Royal
0%
Battle of Gaines' Mill
0%
Battle of Georgia Landing
0%
Battle of Germantown
0%
Battle of Glasgow
0%
Battle of Glendale
0%
Battle of Globe Tavern
0%
Battle of Glorieta Pass
0%
Battle of Gloucester
0%
Battle of Goldsboro Bridge
0%
Battle of Goliad
0%
Battle of Grand Gulf
0%
Battle of Great Bridge
0%
Battle of Great Cane Brake
0%
Battle of Green Spring
0%
Battle of Griswoldville
0%
Battle of Groton Heights
0%
Battle of Guilford Court House
0%
Battle of Gwynn's Island
0%
Battle of Hanging Rock
0%
Battle of Hanover
0%
Battle of Hanover Court House
0%
Battle of Harlem Heights
0%
Battle of Hartsville
0%
Battle of Hatcher's Run
0%
Battle of Hatchie's Bridge
0%
Battle of Hatteras Inlet Batteries
0%
Battle of Haw River
0%
Battle of Haw's Shop
0%
Battle of Helena
0%
Battle of High Bridge
0%
Battle of Hobkirk's Hill
0%
Battle of Holy Ground
0%
Battle of Honey Hill
0%
Battle of Honey Springs
0%
Battle of Hoover's Gap
0%
Battle of Hubbardton
0%
Battle of Irish Bend
0%
Battle of Iron Hill
0%
Battle of Iron Works Hill
0%
Battle of Island Number Ten
0%
Battle of Iuka
0%
Battle of Jenkins' Ferry
0%
Battle of Jerusalem Plank Road
0%
Battle of Johnsonville
0%
Battle of Johnstown
0%
Battle of Jonesborough
0%
Battle of Kelly's Ford
0%
Battle of Kemp's Landing
0%
Battle of Kenapacomaqua
0%
Battle of Kennesaw Mountain
0%
Battle of Kettle Creek
0%
Battle of Killdeer Mountain
0%
Battle of Kings Mountain
0%
Battle of Klock's Field
0%
Battle of Kolb's Farm
0%
Battle of Lake Borgne
0%
Battle of Lake Pontchartrain
0%
Battle of La Mesa
0%
Battle of Las Vegas
0%
Battle of Lenud's Ferry
0%
Battle of Lewis's Farm
0%
Battle of Lindley's Fort
0%
Battle of Lindley's Mill
0%
Battle of Lipantitlán
0%
Battle of Little Mountain
0%
Battle of Lookout Mountain
0%
Battle of Lynchburg
0%
Battle of Machias
0%
Battle of Mackinac Island
0%
Battle of Maguaga
0%
Battle of Malvern Hill
0%
Battle of Mamaroneck
0%
Battle of Mansfield
0%
Battle of Mansura
0%
Battle of Marais des Cygnes
0%
Battle of Marietta
0%
Battle of Matson's Ford
0%
Battle of McDowell
0%
Battle of Middleburg
0%
Battle of Middle Creek
0%
Battle of Milliken's Bend
0%
Battle of Mill Springs
0%
Battle of Millstone
0%
Battle of Mine Creek
0%
Battle of Mine Run
0%
Battle of Minisink
0%
Battle of Mobile Bay
0%
Battle of Mobley's Meeting House
0%
Battle of Monck's Corner
0%
Battle of Monett's Ferry
0%
Battle of Monocacy
0%
Battle of Moorefield
0%
Battle of Moore's Creek Bridge
0%
Battle of Munfordville
0%
Battle of Musgrove Mill
0%
Battle of Natividad
0%
Battle of New Hope Church
0%
Battle of New Market
0%
Battle of North Anna
0%
Battle of North Point
0%
Battle of Ogdensburg
0%
Battle of Okolona
0%
Battle of Old Church
0%
Battle of Old River Lake
0%
Battle of Olustee
0%
Battle of Opequon
0%
Battle of Paducah
0%
Battle of Palo Alto
0%
Battle of Paoli
0%
Battle of Paulus Hook
0%
Battle of Peachtree Creek
0%
Battle of Pea Ridge
0%
Battle of Peebles's Farm
0%
Battle of Pensacola
0%
Battle of Perryville
0%
Battle of Pickett's Mill
0%
Battle of Piedmont
0%
Battle of Pine's Bridge
0%
Battle of Piqua
0%
Battle of Plains Store
0%
Battle of Pleasant Hill
0%
Battle of Plymouth
0%
Battle of Poison Spring
0%
Battle of Port Gibson
0%
Battle of Portland Harbor
0%
Battle of Port Republic
0%
Battle of Port Walthall Junction
0%
Battle of Prairie D'Ane
0%
Battle of Prairie Grove
0%
Battle of Princeton
0%
Battle of Proctor's Creek
0%
Battle of Punk Hill
0%
Battle of Quinton's Bridge
0%
Battle of Ramsour's Mill
0%
Battle of Rappahannock River
0%
Battle of Raymond
0%
Battle of Red Bank
0%
Battle of Red River Canyon
0%
Battle of Refugio
0%
Battle of Resaca
0%
Battle of Resaca de la Palma
0%
Battle of Rhode Island
0%
Battle of Rich Mountain
0%
Battle of Ridgefield
0%
Battle of Ringgold Gap
0%
Battle of Río San Gabriel
0%
Battle of Roanoke Island
0%
Battle of Rock Island Rapids
0%
Battle of Rocky Face Ridge
0%
Battle of Rocky Mount
0%
Battle of Sailor's Creek
0%
Battle of Saint Charles
0%
Battle of Salem Church
0%
Battle of San Pasqual
0%
Battle of San Patricio
0%
Battle of Santa Clara
0%
Battle of Santa Rosa Island
0%
Battle of Savage's Station
0%
Battle of Secessionville
0%
Battle of Selma
0%
Battle of Setauket
0%
Battle of Seven Pines
0%
Battle of Shallow Ford
0%
Battle of Shepherdstown
0%
Battle of Short Hills
0%
Battle of South Mountain
0%
Battle of Spanish Fort
0%
Battle of Spencer's Ordinary
0%
Battle of Spotsylvania Court House
0%
Battle of Spring Hill
0%
Battle of Staunton River Bridge
0%
Battle of Stillman's Run
0%
Battle of Stirling's Plantation
0%
Battle of Stones River
0%
Battle of Stonington
0%
Battle of Stono Ferry
0%
Battle of Stony Point
0%
Battle of Talladega
0%
Battle of Tallushatchee
0%
Battle of Tearcoat Swamp
0%
Battle of the Assunpink Creek
0%
Battle of the Chesapeake
0%
Battle of the Clouds
0%
Battle of the Combahee River
0%
Battle of the Crater
0%
Battle of the Mississinewa
0%
Battle of the Rice Boats
0%
Battle of the Sink Hole
0%
Battle of the Wabash
0%
Battle of the Washita River
0%
Battle of Thompson's Station
0%
Battle of Thoroughfare Gap
0%
Battle of Tippecanoe
0%
Battle of Totopotomoy Creek
0%
Battle of Trevilian Station
0%
Battle of Turtle Gut Inlet
0%
Battle of Upperville
0%
Battle of Utoy Creek
0%
Battle of Valcour Island
0%
Battle of Valverde
0%
Battle of Van Creek
0%
Battle of Wahab's Plantation
0%
Battle of Walkerton
0%
Battle of Wauhatchie
0%
Battle of Waxhaws
0%
Battle of Waynesboro
0%
Battle of Westport
0%
Battle of Wetzell's Mill
0%
Battle of White Marsh
0%
Battle of White Oak Road
0%
Battle of White Oak Swamp
0%
Battle of Williamson's Plantation
0%
Battle of Williamsport
0%
Battle of Wilson's Creek
0%
Battle of Wisconsin Heights
0%
Battle of Wood Lake
0%
Battle of Wyoming
0%
Battle of Yellow Bayou
0%
Battle of Yellow Tavern
0%
Battle of Yerba Buena
0%
Battle of Young's House
0%
Battles of Emuckfaw and Enotachopo Creek
0%
Canoe Fight
0%
Capture of Fort Ticonderoga
0%
Capture of USS President
0%
First Battle of Bull Run
0%
First Battle of Cabin Creek
0%
First Battle of Charleston Harbor
0%
First Battle of Dalton
0%
First Battle of Deep Bottom
0%
First Battle of Fort Bowyer
0%
First Battle of Fort Fisher
0%
First Battle of Frenchtown
0%
First Battle of Kernstown
0%
First Battle of Memphis
0%
First Battle of Mora
0%
First Battle of Murfreesboro
0%
First Battle of Newtonia
0%
First Battle of Ogdensburg
0%
First Battle of Ream's Station
0%
First Battle of Sacket's Harbor
0%
First Battle of Winchester
0%
Grass Fight
0%
Landing at Kip's Bay
0%
Penobscot Expedition
0%
San Felipe incident
0%
Second Battle of Charleston Harbor
0%
Second Battle of Corinth
0%
Second Battle of Cynthiana
0%
Second Battle of Deep Bottom
0%
Second Battle of Fort Bowyer
0%
Second Battle of Fort Fisher
0%
Second Battle of Fort Sumter
0%
Second Battle of Fort Wagner
0%
Second Battle of Frenchtown
0%
Second Battle of Independence
0%
Second Battle of Kernstown
0%
Second Battle of Memphis
0%
Second Battle of Mora
0%
Second Battle of Newtonia
0%
Second Battle of Petersburg
0%
Second Battle of Rappahannock Station
0%
Second Battle of Ream's Station
0%
Second Battle of Sabine Pass
0%
Second Battle of Winchester
0%
Siege of Béxar
0%
Siege of Boonesborough
0%
Siege of Bryan Station
0%
Siege of Corinth
0%
Siege of Fort Harrison
0%
Siege of Fort Jefferson
0%
Siege of Fort Mackinac
0%
Siege of Fort Macon
0%
Siege of Fort Meigs
0%
Siege of Fort Mifflin
0%
Siege of Fort Motte
0%
Siege of Fort Pulaski
0%
Siege of Fort Stanwix
0%
Siege of Fort St. Philip
0%
Siege of Fort Texas
0%
Siege of Fort Ticonderoga
0%
Siege of Fort Vincennes
0%
Siege of Fort Watson
0%
Siege of Ninety Six
0%
Siege of Port Hudson
0%
Siege of Prairie du Chien
0%
Siege of Pueblo de Taos
0%
Siege of Savage's Old Fields
0%
Skirmish at Otter Creek
0%
Skirmish at Pungoteague Creek
0%
Skirmish off of Cedar Point
0%
Third Battle of Petersburg
0%
Thornton Skirmish
0%

Score Distribution

Percentile by Number Answered

Percent of People with Each Score

Your Score History

You have not taken this quiz since the last reset